Black and Caspian Sea Countries - Statistics

General Stats
  • This quiz has been taken 35 times
  • The average score is 10 of 10
Answer Stats
Hint Answer % Correct
Caspian Sea, Asian Azerbaijan
100%
Black Sea, European Bulgaria
100%
Caspian Sea, Middle Eastern Iran
100%
Black Sea, European Romania
100%
Black and Caspian Seas, Eurasian Russia
100%
Black Sea, Eurasian Turkey
100%
Caspian Sea, Asian Turkmenistan
100%
Black Sea, European Ukraine
100%
Caspian Sea, Asian Kazakhstan
97%
Black Sea, Eurasian Georgia
93%
No matching quizzes found
Score Distribution
Percent of People with Each Score
Percentile by Number Answered
Your Score History
You have not taken this quiz